000 01963nam1a2200349 i 4500
001 RU\NLR\BIBL_A\022161973
005 20260426030649.0
035 _a(NLR Aleph) 022161973
090 _a12924742
_c12924742
100 _a20240311g20229999k y0rusy50 ca
101 0 _arus
_deng
102 _aRU
105 _a z
181 0 _ai3
_baxxe
182 0 _an
200 1 _aВосточная этноботаника
_e[в 4-х частях]
_fГолосова Е. В., Котова А. В., Хомутовский М. И. [и др.]
_gпод общей редакцией Голосовой Е. В.
_gМинистерство науки и высшего образования Российской Федерации, Российская академия наук, ФГБУН "Никитский ботанический сад РАН"
203 _aТекст
_bвизуальный
_cнепосредственный
210 _aСимферополь
_cАРИАЛ
_d2022-
215 _d25
300 _aНа 4-й с. обл. авт.: Голосова Е. В., д-р с.-х. наук, Котова А. В., канд. с.-х. наук, Хомутовский М. И., канд. биол. наук [и др.]
606 1 _aЭтноботаника
_yСтраны Востока
_92583435
_3RU\NLR\AUTH\6601737507
606 _aЦветы
_xКультурологические исследования
_92103677
_3RU\NLR\AUTH\661575652
686 1 _aЕ585.9(5)
686 1 _aТ3(0)0-7
701 1 _7ca
_8rus
_aГолосова
_bЕ. В.
_cд-р с.-х. наук
_gЕлена Владимировна
_9181733
_3RU\NLR\AUTH\770181784
701 1 _aКотова
_bА. В.
_gАнна Владимировна
701 1 _aХомутовский
_bМ. И.
_gМаксим Игоревич
852 _aNLR
_j2024-7/1328
942 _cBOOK